<?xml version="1.0" encoding="UTF-8"?>
<record
    xmlns:xsi="http://www.w3.org/2001/XMLSchema-instance"
    xsi:schemaLocation="http://www.loc.gov/MARC21/slim http://www.loc.gov/standards/marcxml/schema/MARC21slim.xsd"
    xmlns="http://www.loc.gov/MARC21/slim">

  <leader>00418nam a22001217a 4500</leader>
  <datafield tag="040" ind1=" " ind2=" ">
    <subfield code="c">HS</subfield>
  </datafield>
  <datafield tag="082" ind1=" " ind2=" ">
    <subfield code="a">346</subfield>
  </datafield>
  <datafield tag="100" ind1=" " ind2=" ">
    <subfield code="a">&#x1793;&#x17BB;&#x178F; &#x1785;&#x1793;&#x17D2;&#x1790;&#x17B6;</subfield>
  </datafield>
  <datafield tag="245" ind1=" " ind2=" ">
    <subfield code="a">&#x1780;&#x17C6;&#x179A;&#x1784;&#x179B;&#x17B7;&#x1781;&#x17B7;&#x178F;&#x1794;&#x1791;&#x178A;&#x17D2;&#x178B;&#x17B6;&#x1793;&#x179F;&#x17D2;&#x178F;&#x17B8;&#x1796;&#x17B8;&#x1794;&#x1798;&#x17B6;&#x178E;&#x17B8; &#x1793;&#x17B7;&#x1784;&#x1780;&#x17B6;&#x179A;&#x1782;&#x17D2;&#x179A;&#x1794;&#x17CB;&#x1782;&#x17D2;&#x179A;&#x1784;&#x179F;&#x1798;&#x17D2;&#x1797;&#x17B6;&#x179A;&#x17C8;&#x1780;&#x179F;&#x17B7;&#x1780;&#x1798;&#x17D2;&#x1798;</subfield>
  </datafield>
  <datafield tag="260" ind1=" " ind2=" ">
    <subfield code="a">Cambodia</subfield>
    <subfield code="b">&#x1793;&#x17BB;&#x178F; &#x1785;&#x1793;&#x17D2;&#x1790;&#x17B6;</subfield>
    <subfield code="c">NA</subfield>
  </datafield>
  <datafield tag="300" ind1=" " ind2=" ">
    <subfield code="a">18p;</subfield>
  </datafield>
  <datafield tag="942" ind1=" " ind2=" ">
    <subfield code="c">KB</subfield>
  </datafield>
  <datafield tag="999" ind1=" " ind2=" ">
    <subfield code="c">10235</subfield>
    <subfield code="d">10235</subfield>
  </datafield>
  <datafield tag="952" ind1=" " ind2=" ">
    <subfield code="0">0</subfield>
    <subfield code="1">0</subfield>
    <subfield code="4">0</subfield>
    <subfield code="6">346_000000000000000_&#x1793;&#x17BB;&#x178F;_NA_C198</subfield>
    <subfield code="7">0</subfield>
    <subfield code="9">52752</subfield>
    <subfield code="a">LBC</subfield>
    <subfield code="b">LBC</subfield>
    <subfield code="c">C198</subfield>
    <subfield code="d">2016-09-22</subfield>
    <subfield code="o">346 &#x1793;&#x17BB;&#x178F; NA C198</subfield>
    <subfield code="p">RUA042259</subfield>
    <subfield code="r">2016-09-22</subfield>
    <subfield code="y">KB</subfield>
  </datafield>
  <datafield tag="952" ind1=" " ind2=" ">
    <subfield code="0">0</subfield>
    <subfield code="1">0</subfield>
    <subfield code="4">0</subfield>
    <subfield code="6">346_000000000000000_&#x1793;&#x17BB;&#x178F;_NA_C198</subfield>
    <subfield code="7">0</subfield>
    <subfield code="9">52753</subfield>
    <subfield code="a">LBC</subfield>
    <subfield code="b">LBC</subfield>
    <subfield code="c">C198</subfield>
    <subfield code="d">2016-09-22</subfield>
    <subfield code="o">346 &#x1793;&#x17BB;&#x178F; NA C198</subfield>
    <subfield code="p">RUA042245</subfield>
    <subfield code="r">2016-09-22</subfield>
    <subfield code="y">KB</subfield>
  </datafield>
  <datafield tag="952" ind1=" " ind2=" ">
    <subfield code="0">0</subfield>
    <subfield code="1">0</subfield>
    <subfield code="4">0</subfield>
    <subfield code="6">346_000000000000000_&#x1793;&#x17BB;&#x178F;_NA_C197</subfield>
    <subfield code="7">0</subfield>
    <subfield code="9">52754</subfield>
    <subfield code="a">LBC</subfield>
    <subfield code="b">LBC</subfield>
    <subfield code="c">C197</subfield>
    <subfield code="d">2016-09-22</subfield>
    <subfield code="o">346 &#x1793;&#x17BB;&#x178F; NA C197</subfield>
    <subfield code="p">RUA043175</subfield>
    <subfield code="r">2016-09-22</subfield>
    <subfield code="y">KB</subfield>
  </datafield>
</record>
